Statystyki dla Państwa na literę R

Kliknij tutaj aby rozwiązać quiz!

Ogólne statystyki

  • Ten quiz został rozwiązany 140 razy
    (67 od ostatniego zresetowania)
  • Średni wynik to 4 z 5

Statystyki odpowiedzi

Odpowiedzi% Poprawnych
Rosja
93%
Rumunia
87%
Rwanda
84%
Republika Południowej Afryki
72%
Republika Środkowoafrykańska
39%

Rozkład punktacji

Percentyl według liczby udzielonych odpowiedzi

Procent ludzi z każdym wynikiem

Twoja historia wyników

Nie rozwiązałeś tego quizu od ostatniego zresetowania